| 000 | 01854cam a22005054i 4500 | ||
|---|---|---|---|
| 003 | PE-LiUPU | ||
| 005 | 20250731165509.0 | ||
| 008 | 180130s2016 mx b ra 000 0 spa d | ||
| 020 | _a9786077441397 | ||
| 035 | _a(Sirsi) a241100 | ||
| 040 |
_aPE-LiUPU _bspa _cPE-LiUPU _erda |
||
| 049 | _aPRUA | ||
| 082 | 0 | 4 |
_a005.43 _bS66 _220 |
| 100 | 1 |
_aSol Llaven, Daniel, _eautor. |
|
| 245 |
_aSistemas operativos : _b panorama para ingeniería en computación e informática / _cDaniel Sol Llaven. |
||
| 264 |
_aMéxico : _b Patria, _c2016. |
||
| 300 |
_a325 páginas : _b illustrations ; _c 25 centímetros |
||
| 300 | _a1 CD-ROM | ||
| 336 |
_atext _2rdacontent |
||
| 337 |
_aunmediated _2rdamedia |
||
| 338 |
_avolume _2rdacarrier |
||
| 505 | _aIntroducción al estudio de los sistemas operativos -- Generalidades de sistemas operativos -- Administración de procesos -- Administración de memoria -- Administración de los dispositivos de entrada y salida -- Administración de sistemas de archivos -- Sistemas distribuidos -- Panorama de seguridad informática. | ||
| 526 | _aSEG44 | ||
| 526 | _aSEG26 | ||
| 526 | _aP151 | ||
| 526 | _aP150 | ||
| 526 | _aP149 | ||
| 526 | _aP146 | ||
| 526 | _aP145 | ||
| 526 | _aP126 | ||
| 526 | _aP125 | ||
| 526 | _aP92 | ||
| 526 | _aP75 | ||
| 526 | _aP74 | ||
| 526 | _aP27 | ||
| 526 | _aP15 | ||
| 541 | _g0001-0042355; | ||
| 650 | _aSistemas operativos. | ||
| 650 | 0 | 4 | _aOperating systems. |
| 910 |
_adbm _bmarg _cmarg _d20180130 |
||
| 942 |
_2ddc _cBOOK |
||
| 994 |
_aC0 _bPEPRU |
||
| 596 | _a1 | ||
| 999 |
_a005.43 S66 _wDEWEY _c26742 _i78342 _d26742 _f2021-11-9 _g4 _lCCODEBUL1 _mBUL _p13.37 _q1 _r0 _sY _tBOOK _u2018-1-30 _xINGENIERIA _PP27 _0COMPRA _o.STAFF. Colección Ingeniería y Arquitectura |
||
| 980 |
_81 _gALBERTO SANCHEZ Responsable de Automatización |
||